| 000 | 00579nam a22002177a 4500 | ||
|---|---|---|---|
| 001 | 0158 | ||
| 003 | DO-SdBNP | ||
| 005 | 20160310150148.0 | ||
| 007 | 0158 | ||
| 008 | 151005b 200 1977 ck 00| 0 spa d | ||
| 040 |
_aBPMSU _bspa _cBPMSU |
||
| 092 |
_aXXXX _bXXXX |
||
| 100 | 1 | _aBeal, George | |
| 245 | 1 | 3 |
_aEl libro de los barcos / _bpreguntas y respuestas _cGeorge Beal ; ilustraciones Brian Watson |
| 260 |
_aBogotá, Colombia : _bNorma, _c1977. |
||
| 300 |
_a48 p. : _bil. _c21 cm. |
||
| 700 | 1 | 2 |
_aWatson, Brian _eil. |
| 910 | _a144 | ||
| 942 |
_2ddc _cBK |
||
| 956 | _aYngrid Lockward | ||
| 999 |
_c9176 _d9176 |
||